Statistics for 20 Most Streamed Songs from 2001 on Spotify

Click here to take the quiz!

General Stats

  • This quiz has been taken 101 times
    (88 since last reset)
  • The average score is 10 of 20

Answer Stats

ArtistSong% Correct
EminemStan
94%
OutkastMs. Jackson
77%
ShaggyIt Wasn't Me
76%
ShakiraWhenever, Wherever
76%
NickelbackHow You Remind Me
68%
GorillazClint Eastwood
65%
Destiny's ChildSurvivor
60%
System of a DownChop Suey!
59%
Daft PunkOne More Time
52%
TrainDrops of Jupiter (Tell Me)
46%
Alicia KeysFallin'
45%
Alien Ant FarmSmooth Criminal
45%
Papa RoachLast Resort
45%
WheezerIsland In The Sun
45%
Sum 41In Too Deep
40%
Jimmy Eat WorldThe Middle
38%
Limp BizkitRollin' (Air Raid Vehicle)
34%
The StrokesLast Nite
29%
John MayerYour Body Is A Wonderland
28%
IncubusDrive
13%

Score Distribution

Percentile by Number Answered

Percent of People with Each Score

Your Score History

You have not taken this quiz since the last reset